Southville International School and Colleges
Your cart is empty.
  • Cart
  • Lists
    Public lists Eva Luna New books Lux_list list_1
    Your lists Log in to create your own lists
  • Log in to your account
  • Your cookies
  • Search history
Southville International School and Colleges
  • Advanced search
  • Recent comments
  • Most popular
  • Libraries

Log in to your account

Log in with GOOGLE


If you do not have an external account, but do have a local account, you can still log in:

  1. Home
  2. MARC view: The hunger games :
Normal view MARC view ISBD view

The hunger games : (Record no. 339927)

[ view plain ]
MARC details
000 -LEADER
fixed length control field 00703nam a2200277Ia 4500
008 - FIXED-LENGTH DATA ELEMENTS--GENERAL INFORMATION
fixed length control field 170711s9999 xx 000 0 und d
020 ## - INTERNATIONAL STANDARD BOOK NUMBER
International Standard Book Number 9780545422901
050 ## - LIBRARY OF CONGRESS CALL NUMBER
Classification number 791.43
050 ## - LIBRARY OF CONGRESS CALL NUMBER
Item number Eg28 2012
100 ## - MAIN ENTRY--PERSONAL NAME
Personal name Egan, Kate
245 #4 - TITLE STATEMENT
Title The hunger games :
245 ## - TITLE STATEMENT
Remainder of title the official illustrated movie companion /
245 ## - TITLE STATEMENT
Statement of responsibility, etc by Kate Egan.
250 ## - EDITION STATEMENT
Edition statement First edition
260 ## - PUBLICATION, DISTRIBUTION, ETC. (IMPRINT)
Place of publication, distribution, etc USA :
260 ## - PUBLICATION, DISTRIBUTION, ETC. (IMPRINT)
Name of publisher, distributor, etc Scholastic,
260 ## - PUBLICATION, DISTRIBUTION, ETC. (IMPRINT)
Date of publication, distribution, etc 2012
300 ## - PHYSICAL DESCRIPTION
Extent 158 pages :
300 ## - PHYSICAL DESCRIPTION
Other physical details colored illustrations ;
300 ## - PHYSICAL DESCRIPTION
Dimensions 27cm.
650 ## - SUBJECT ADDED ENTRY--TOPICAL TERM
Topical term or geographic name as entry element Motion picture --
650 ## - SUBJECT ADDED ENTRY--TOPICAL TERM
Topical term or geographic name as entry element Motion pictures --
650 ## - SUBJECT ADDED ENTRY--TOPICAL TERM
General subdivision Production and direction.
650 ## - SUBJECT ADDED ENTRY--TOPICAL TERM
General subdivision Setting and scenery.
700 ## - ADDED ENTRY--PERSONAL NAME
Personal name Title.

No items available.

The hunger games :

APA

Egan K., Title, .The hunger games. USA: .

Chicago

Egan Kate, Title, .The hunger games. USA: .

Harvard

Egan K., Title, .The hunger games. USA: .

MLA

Egan Kate, Title, .USA: . .

  • Print
  • Cite
  • Add to your cart (remove)
  • Save record
    BIBTEX Dublin Core MARCXML MARC (non-Unicode/MARC-8) MARC (Unicode/UTF-8) MARC (Unicode/UTF-8, Standard) MODS (XML) RIS
  • More searches
    Search for this title in:
    Other Libraries (WorldCat) Other Databases (Google Scholar) Online Stores (Bookfinder.com) Open Library (openlibrary.org)

Exporting to Dublin Core...

SOUTHVILLE LIBRARY

Southville International School and Colleges Library

1281 Tropical Ave. Cor. Luxembourg St., BF Homes International, Las Pinas City

Tel. No. 8256374 / 252358 Loc. 117/146

Powered by Koha